LEADER 01262nam a2200289 u 4500 001 000000112779 003 CaOOAMICUS 005 20080721101252.0 008 080721s2008 it u000 u ita u 020 $z978-88-8272-3170* 040 $aPUL$bita$dLDB 100 1 $aCavoni, Cesare Davide.$0(OLS)http://pul/name/69470 245 13$aLa vera storia della pillola abortiva RU 486 /$cCesare Davide Cavoni e Dario Sacchini ; prefazione di Luigi Frigerio. 260 $aSiena :$bCantagalli,$c2008. 300 $a285 p. ;$c21 cm 490 1 $aRagione, scienza ed etica ;$v08 504 $aBibliografia : p. [259]-282. 650 4$aBioetica.$0(OLS)http://pul/subject/2868 650 4$aAborto.$0(OLS)http://pul/subject/6488 700 1 $aSacchini, Dario.$0(OLS)http://pul/name/69471 830 0$aRagione, scienza ed etica ;$v08.$0(OLS)http://pul/title/98982 850 $aPUL 852 $aPUL$W1$xSL Filosofia 3$y81$m179. 7 CAVCE 1$j129020$qDDC 21$B127987$CPULBib$Z2$F127987 $H108034 $82 941 1 $a9 996 $6020$z978-88-8272-3170*$9(OLS)http://pul/number/138518 996 $6245$aLa vera storia della pillola abortiva RU 486$9(OLS)http://pul/title/141753 996 $6260$aSiena :$bCantagalli$9(OLS)http://pul/publisher/48759 LEADER 00755naa a2200193 u 4500 001 000000094586 003 CaOOAMICUS 005 20070226130139.0 008 040505s1976 it u000 u ita u 035 $a10993449 040 $aIAR$bita 100 1 $aFranceschini, Ezio,$d1906-1983.$0(OLS)http://pul/name/6895 245 13$aLa Bibbia e i Padri nell'alto medioevo /$cEzio Franceschini. 260 $aPadova :$bEditrice Antenore,$c1976. 300 $aS. 48-75, ;$c26 cm 773 0 $aScritti di filologia latina medievale. 773 0 $aFranceschini, Ezio.$tScritti di filologia latina medievale$w()6792 996 $6245$aLa Bibbia e i Padri nell'alto medioevo$9(OLS)http://pul/title/121454 996 $6260$aPadova :$bEditrice Antenore$9(OLS)http://pul/publisher/48699